000 00530nam a22001697a 4500
003 NUST
038 _aNusrat Nadeem
082 _a200
100 _aRasool, Momen
_9120852
245 _aMultisensor Fusion for Visual Inertial Odometry/
_cMomen Rasool,
264 _aIslamabad,
_bSEECS NUST,
_c2024.
300 _aill:
_b52,p:
_c30,cm.
650 _aMS-Electrical Engineering
_923567
700 _aSupervisor: Dr. Muhammad Latif Anjum
_9120853
856 _uhttp://10.250.8.41:8080/xmlui/handle/123456789/42037
942 _2ddc
_cSC
999 _c607905
_d607905